000 01017ntm a2200265 a 4500
001 75722
003 BD-RjUL
005 20211209082731.0
008 190528s2016 bg a|||| bm|| 00| 0 eng d
035 _a(BD-RjUL)75941
040 _aBD-RjUL
_beng
_cBD-RjUL
_dBD-RjUL
041 _aeng
082 _223
_bUDE 2016
_a302.35
100 1 _aUddin, Mohammed Faruque
_9231940
245 1 0 _aEffect of social Capital on labour market attainments in Bangladesh /
_cby Mohammed Faruque Uddin ;
_6Supervisor: A. H. M. Mustafizur Rahman
260 _aRajshahi :
_bDepartment of Sociology, University of Rajshahi,
_c2016
300 _a213 leaves :
_bIll. ;
_c29 cm.
502 _aThesis (Ph. D.) -- Department of Sociology, University of Rajshahi, 2016
504 _aReferences: Leaves 189-202
650 _aSocial capital (Sociology)
_9231941
650 _aInfrastructure (Economics)
_9231942
650 _aLabor Market
_zBangladesh
_9231943
700 _aRahman, A. H. M. Mustafizur, Supervisor
_9231944
942 _2ddc
_cTHE
999 _c75722
_d75722